Welcome to WEB OPAC of MRSPTU Central Library

Transportation engineering (Record no. 2663)

MARC details
000 -LEADER
fixed length control field 00348nam a2200145Ia 4500
008 - FIXED-LENGTH DATA ELEMENTS--GENERAL INFORMATION
fixed length control field 230711s9999||||xx |||||||||||||| ||und||
041 ## - LANGUAGE CODE
Language code of text/sound track or separate title ENG
082 ## - DEWEY DECIMAL CLASSIFICATION NUMBER
Classification number 621
Item number VA-T
100 ## - MAIN ENTRY--PERSONAL NAME
Personal name Vazirani,V.N
245 #0 - TITLE STATEMENT
Title Transportation engineering
250 ## - EDITION STATEMENT
Edition statement 1st
260 ## - PUBLICATION, DISTRIBUTION, ETC.
Date of publication, distribution, etc. 1994
Place of publication, distribution, etc. New Delhi
Name of publisher, distributor, etc. Khanna Publishers
650 ## - SUBJECT ADDED ENTRY--TOPICAL TERM
Topical term or geographic name entry element Civil Engineering
942 ## - ADDED ENTRY ELEMENTS (KOHA)
Koha item type Book
Holdings
Withdrawn status Lost status Damaged status Not for loan Collection Home library Current library Date acquired Total checkouts Full call number Barcode Date last seen Price effective from Koha item type
          MRSPTU Central Library MRSPTU Central Library     621 VA-T 10077 08/17/2023 08/17/2023 Book
          MRSPTU Central Library MRSPTU Central Library     621 VA-T 10078 08/17/2023 08/17/2023 Book
          MRSPTU Central Library MRSPTU Central Library     621 VA-T 10079 08/17/2023 08/17/2023 Book
          MRSPTU Central Library MRSPTU Central Library     621 VA-T 10080 08/17/2023 08/17/2023 Book
          MRSPTU Central Library MRSPTU Central Library     621 VA-T 10081 08/17/2023 08/17/2023 Book
          MRSPTU Central Library MRSPTU Central Library     621 VA-T 10082 08/17/2023 08/17/2023 Book
          MRSPTU Central Library MRSPTU Central Library     621 VA-T 10083 08/17/2023 08/17/2023 Book
          MRSPTU Central Library MRSPTU Central Library     621 VA-T 10084 08/17/2023 08/17/2023 Book
          MRSPTU Central Library MRSPTU Central Library     621 VA-T 10085 08/17/2023 08/17/2023 Book
          MRSPTU Central Library MRSPTU Central Library     621 VA-T 10086 08/17/2023 08/17/2023 Book

Website Designed and Developed by MRSPTU Central Library Team

E-mail Id: librarian@mrsptu.ac.in